01016nam a2200217 i 4500001000700000003000900007005001700016007000300033008004100036080003200077080002100109100004800130245012400178260004900302300002100351500024100372600003000613610003600643711008400679852003500763103711ES-MaACL20250820095415.0t|060509s1999 sp ||||1| spa d a929 Francisco Javier, Santo a271.5-9(529)"15"0 aGómez-Tabanera, José Manuel,d1926-201110aXaveriana b: luces y sombras de la primera evangelización católica del Japón / cJosé Manuel Gómez-Tabanera. a[Oviedo] : bJ.M. Gómez-Tabanera, c[1999] a28 p. ; c21 cm. aPonencia presentada en el I Coloquio Internacional de Estudios sobre Africa y Asia del 29 de octubre al 1 de noviembre de 1999 ; organizan el Instituto de Estudios Ceutíes, Editorial Algazara ; colabora, Centro de Profesoses de Ceuta.14aFrancisco Javier cSanto.24aJesuítas-xMisiones-zJapón2 aColoquio Internacional de Estudios sobre África y Asian(1º. d1999.cCeuta) aES-MaACLj2201-F-19 bR.137578